000 00464nam a22001577a 4500
999 _c9624
_d9624
008 210915b ||||| |||| 00| 0 eng d
040 _aBMS College of Architecture
100 _aLalitha, Y Sri
245 _aBlindfold
300 _a33pp.
500 _a1BM15AT104
502 _8B.Arch
_NBMS College of Architecture, Visvesvaraya Technological University (VTU)
_aProject report
_d2018
650 _aBlind
700 _aDakshayini R Patil
_eGuide
942 _2ddc
_cTHE